000
00222 a2200097 4500
245
_a
Resource atlas in human geography
_h
Text
020
_a
9789812474957
100
_a
Goh Cheng Leong
650
_a
GEOGRAPHY
005
20191017173700.0
084
_a
NONE
999
_c
10591
_d
10591